Lilley's furniture sale circular and general auctioneers and house agents' advertiser (Record no. 116361)
[ view plain ]
| 000 -LEADER | |
|---|---|
| fixed length control field | 00982cam a22002055a 4500 |
| 001 - CONTROL NUMBER | |
| control field | L140566 |
| 008 - FIXED-LENGTH DATA ELEMENTS--GENERAL INFORMATION | |
| fixed length control field | 070928s1859 xxk eng u |
| 035 ## - SYSTEM CONTROL NUMBER | |
| System control number | (Sirsi) u140566 |
| 041 0# - LANGUAGE CODE | |
| Language code of text/sound track or separate title | eng |
| 245 00 - TITLE STATEMENT | |
| Title | Lilley's furniture sale circular and general auctioneers and house agents' advertiser |
| 260 ## - PUBLICATION, DISTRIBUTION, ETC. | |
| Place of publication, distribution, etc. | London |
| Name of publisher, distributor, etc. | George Lilley |
| Date of publication, distribution, etc. | 1859 |
| 300 ## - PHYSICAL DESCRIPTION | |
| Extent | 1 sheet |
| Dimensions | 38 cm. + |
| Accompanying material | 2 sheets (25 cm.) |
| 351 ## - ORGANIZATION AND ARRANGEMENT OF MATERIALS | |
| Hierarchical level | Single item |
| 500 ## - GENERAL NOTE | |
| General note | Issue no. 50 (18 July 1859). |
| 500 ## - GENERAL NOTE | |
| General note | Accompanied by a letter dated 11 October 1935 from the donor, and the reply dated 12 October 1935 from the Librarian of the Auctioneers' and Estate Agents' Institute. |
| 500 ## - GENERAL NOTE | |
| General note | From title information: 'Circulated gratuitously amongst auctioneers, furniture brokers and fixture dealers, picture dealers, plate purchasers, and other whose business it is to attend sales'. |
| 651 4# - SUBJECT ADDED ENTRY--GEOGRAPHIC NAME | |
| Geographic name | London |
| 690 ## - LOCAL SUBJECT ADDED ENTRY--TOPICAL TERM (OCLC, RLIN) | |
| Topical term or geographic name as entry element | PROPERTY-PROPERTY ACQUISITION AND DISPOSAL-ACQUISITION AND DISPOSAL AT AUCTION |
| 942 ## - ADDED ENTRY ELEMENTS (KOHA) | |
| Suppress in OPAC | 0 |
| Withdrawn status | Lost status | Source of classification or shelving scheme | Damaged status | Not for loan | Home library | Current library | Shelving location | Date acquired | Total Checkouts | Full call number | Barcode | Date last seen | Copy number | Price effective from | Koha item type |
|---|---|---|---|---|---|---|---|---|---|---|---|---|---|---|---|
| Dewey Decimal Classification | Historic collection | Historic collection | Historic collection | 28/09/2007 | MAP CABINET DRAWER 6 | 140566-2001 | 06/08/2019 | 1 | 06/08/2019 | Archive |